00417pab a2200169 454500008004000000100001700040245004700057260000900104300001200113362001000125650002500135650002100160650001300181700001700194700001600211773002000227180718b2011 xxu||||| |||| 00| 0 eng d aSoni, Rashmi aScientific research in Indian universities c2011 ap.6-14. a2 May aUniversities - India aResearch - India aResearch aPandey, K.C. aSodha, M.S. aUniversity News